Walibi Belgium Attracties / Attractions - Statistieken

Algemene statistieken
  • Deze quiz is 42 keer genomen
    26 sinds de laatste reset
  • De gemiddelde score is 26 van 41
Antwoordstatistieken
Hint Antwoord % Correct
Thrill Kondaa
100%
Family Tiki-Waka
100%
Thrill Turbine
100%
Thrill Cobra
89%
Thrill Weerwolf / Loup-Garou
89%
Thrill Buzzsaw
78%
Family Calamity Mine
78%
Thrill Dalton Terror
78%
Family Mecalodon
78%
Family Popcorn Revenge
78%
Thrill Pulsar
78%
Thrill Vampire
78%
Family Challenge Of Tutankhamon
67%
Family Flash Back
67%
Kids Fun Pilot
67%
Family Radja River
67%
Kids 4x4 Adventure
56%
Family De Grote Carrousel / Le Grand Carrousel
56%
Kids Fun Recorder
56%
Kids Graffiti Shuttle
56%
Kids Guitar Riff
56%
Family Het Paleis van de Geest / Le Palais du Génie
56%
Kids Kids Airlines
56%
Kids Kondaala
56%
Kids Little Swing
56%
Family Melody Road
56%
Kids Mini Tour
56%
Family Octopus
56%
Kids Poneys
56%
Family Silverton
56%
Kids Spinning Taxi
56%
Thrill Spinning Vibe
56%
Kids Stormy
56%
Kids Tchou-Tchou Express
56%
Family Tiki-Trail
56%
Family Tous En Boîte
56%
Kids Tree House
56%
Family Wave Swinger
56%
Kids Bubble Swirl
44%
Family Het Vliegend Tapijt / Le Tapis Volant
44%
Family 4D Film
33%
Geen overeenkomende quizzen gevonden
Scoreverdeling
Procent van Mensen met Elke Score
Percentiel versus Aantal Correcte Antwoorden
Uw Scoregeschiedenis
U heeft deze quiz nog niet genomen sinds de laatste reset